[Event "10th TCh-Euro sen"]
[Site "Dresden GER"]
[Date "2008.02.19"]
[Round "9"]
[White "Malmdin,N"]
[Black "Neese,H"]
[Result "1/2-1/2"]
[WhiteElo "2268"]
[BlackElo "2306"]

1.e4 c5 2.Nf3 d6 3.d4 cxd4 4.Nxd4 Nf6 5.Nc3 a6 6.g3 e5 7.Nb3 Be6 8.Bg2 Be7
9.O-O O-O 10.Re1 Nbd7 11.a4 b6 12.Nd2 Qc7 13.Nf1 Rfc8 14.Ne3 Rab8 15.g4 h6
16.Nf5 Bf8 17.h4 Nh7 18.Qd3 b5 19.axb5 axb5 20.g5 b4 21.Nd5 Bxd5 22.Qxd5 hxg5
23.hxg5 Nb6 24.Qd1 g6 25.Nh6+ Bxh6 26.gxh6 Qe7 27.Re3 Ra8 28.Rb1 Rc6 29.Rb3 Rc4
30.c3 bxc3 31.bxc3 Nd7 32.Bd2 Rd8 33.Rb4 Rc7 34.Qe2 Qh4 35.Rb7 Rxb7 36.Rxb7 Nc5
37.Rb1 Ng5 38.f3 Nce6 39.Qf2 Qxh6 40.Kf1 Qh2 41.Qg1 Nxf3 42.Qxh2 Nxh2+ 43.Kg1 Ng4
44.Bh3 f5 45.exf5 gxf5 46.Bxg4 fxg4 47.Rb4 Kf7 48.Rxg4 Rc8 49.Kf2 Nc5 50.Rh4 Ke6
51.Ke3 d5 52.Rh6+ Kd7 53.Be1 Ne4 54.Kd3 Rf8 55.Rh7+ Kc6 56.Rh6+ Nd6 57.Bh4 Kd7
58.Rh7+ Nf7 59.Rg7  1/2-1/2

[Event "6th Festival Gp B"]
[Site "Nancy FRA"]
[Date "2008.02.24"]
[Round "9"]
[White "Genzling,A"]
[Black "Ramesh,R"]
[Result "0-1"]
[WhiteElo "2264"]
[BlackElo "2473"]

1.e4 c5 2.Nf3 d6 3.d4 cxd4 4.Nxd4 Nf6 5.Nc3 a6 6.g3 e5 7.Nb3 Be7 8.a4 b6
9.Bg2 Nbd7 10.O-O Bb7 11.Re1 O-O 12.Nd2 Qc7 13.Nf1 Rfc8 14.Bg5 h6 15.Bxf6 Nxf6
16.Ne3 Bf8 17.Re2 Qc5 18.Rd2 g6 19.Qe2 b5 20.Ncd5 Nxd5 21.Nxd5 b4 22.Bh3 Bxd5
23.Rxd5 Qc4 24.Rd2 Qxe2 25.Rxe2 Rc5 26.Rd2 a5 27.b3 Kg7 28.Bf1 Rac8 29.Bc4 Be7
30.Rad1 f5 31.f3 Rxc4 32.bxc4 Rxc4 33.Re2 Rc6 34.Rd5 fxe4 35.fxe4 Bd8 36.Kf2 Kf6
37.Ke1 Ke6 38.Kd1 Bb6 39.Rb5 h5 40.Re1 Bc7 41.Rf1 Rc4 42.Rb7 Kd7 43.Rf7+ Kc8
44.Ra7 Kb8 45.Ra6 g5 46.h4 gxh4 47.gxh4 Rd4+ 48.Kc1 Kb7 49.Rxa5 Rxe4 50.Rd5 Kc6
51.Rd1 Rxh4 52.Rh7 Bb6 53.Kb2 e4 54.Re7 Rg4 55.Re6 Bc5 56.Rh6 h4 57.a5 Kb5
58.Rh5 Ka6 59.Rh6 Kxa5 60.Rd5 Ka4 61.Rd1 e3 62.Re6 h3 63.Ra1+ Kb5 64.Rh1 Rh4
65.Rh2 Kc4 66.Kc1 Bd4 67.Kd1 Be5 68.Rh1 h2 69.Rg6 b3 70.cxb3+ Kd3 71.Rg2 Rh8
72.Ra2 Rg8  0-1

[Event "ch-ROU"]
[Site "Cluj ROU"]
[Date "2008.02.29"]
[Round "7"]
[White "Nemeth,F"]
[Black "Parligras,M"]
[Result "1/2-1/2"]
[WhiteElo "2451"]
[BlackElo "2574"]

1.e4 c5 2.Nf3 d6 3.d4 cxd4 4.Nxd4 Nf6 5.Nc3 a6 6.g3 e5 7.Nb3 Nbd7 8.Bg2 Be7
9.O-O O-O 10.Bd2 Nb6 11.Nc1 Nc4 12.Nd3 Bg4 13.Qc1 a5 14.b3 Nxd2 15.Qxd2 Qd7
16.a4 Bd8 17.Nb2 Be6 18.Rfd1 Bb6 19.Nb5 Ng4 20.Rf1 Rad8 21.Rad1 Qc6 22.c4 Nf6
23.Qe1 h5 24.h3 h4 25.g4 Rd7 26.Rd3 Ne8 27.Qd2 Qc5  1/2-1/2

[Event "XXIII Open"]
[Site "Reykjavik ISL"]
[Date "2008.03.04"]
[Round "2"]
[White "Malisauskas,V"]
[Black "Cross,T"]
[Result "1-0"]
[WhiteElo "2489"]
[BlackElo "2079"]

1.e4 c5 2.Nc3 d6 3.Nge2 Nf6 4.d4 cxd4 5.Nxd4 a6 6.g3 e5 7.Nf3 Be7 8.Bg2 O-O
9.O-O Be6 10.Ng5 Bg4 11.f3 Bd7 12.f4 Nc6 13.f5 b5 14.g4 h6 15.Nh3 g5 16.fxg6 Bxg4
17.Qd2 b4 18.Qxh6 Bxh3 19.Bxh3 bxc3 20.Rxf6 Qb6+ 21.Kh1  1-0

[Event "10th WCh-University w"]
[Site "Novokuznetsk RUS"]
[Date "2008.03.06"]
[Round "4"]
[White "Zhang Jilin"]
[Black "Yanjindulam,D"]
[Result "1-0"]
[WhiteElo "2345"]
[BlackElo "2256"]

1.e4 c5 2.Nf3 d6 3.d4 cxd4 4.Nxd4 Nf6 5.Nc3 a6 6.g3 e5 7.Nb3 Be6 8.Bg2 Nbd7
9.O-O Be7 10.a4 Bc4 11.Re1 b5 12.Nd2 Rc8 13.axb5 axb5 14.Nxc4 bxc4 15.Be3 Nc5
16.Nd5 O-O 17.Ra7 Re8 18.Bh3 Rc6 19.Nxf6+ Bxf6 20.Rxf7 Qa5 21.Ra7 Qxa7 22.Qd5+ Qf7
23.Qxc6 Kh8 24.Ra1 Qf8 25.Bxc5 dxc5 26.Be6 c3 27.bxc3 Rd8 28.Bd5 Bg5 29.Ra7 Rb8
30.Rf7 Qc8 31.Qd6 h6 32.Kg2 Bf6 33.Rxf6 gxf6 34.Qxf6+ Kh7 35.Qe7+ Kh8 36.Qxe5+ Kh7
37.Qe7+ Kh8 38.Qf6+ Kh7 39.e5 Qf8 40.Qxf8 Rxf8 41.f4 Kg7 42.Kf3 Rb8 43.f5 Rb1
44.h4 Re1 45.Kf4 Re2 46.f6+ Kf8 47.e6 Rxc2 48.e7+  1-0

[Event "FSIM March"]
[Site "Budapest HUN"]
[Date "2008.03.07"]
[Round "6"]
[White "Llaneza Vega,P"]
[Black "Szeberenyi,A"]
[Result "1-0"]
[WhiteElo "2281"]
[BlackElo "2350"]

1.e4 c5 2.Nf3 d6 3.d4 cxd4 4.Nxd4 Nf6 5.Nc3 a6 6.g3 e5 7.Nb3 Nbd7 8.Bg2 b5
9.O-O Bb7 10.a4 b4 11.Nd5 Nxd5 12.exd5 a5 13.Re1 Be7 14.Nd2 Rc8 15.Nf1 O-O
16.g4 Bg5 17.Be3 Nb6 18.Be4 Nc4 19.b3 Nxe3 20.Nxe3 Rc3 21.Qf3 g6 22.Kh1 Kh8
23.Qg2 Bf4 24.Rad1 Qh4 25.Rd3 Rfc8 26.Nc4 Rxd3 27.cxd3 f5 28.gxf5 gxf5 29.Rg1 Qxh2+
30.Qxh2 Bxh2 31.Kxh2 fxe4 32.dxe4 Rf8 33.Nxd6 Ba6 34.Rg5 Rxf2+ 35.Kg3 Rf6
36.Ne8 Rf1 37.Rxe5 Rb1 38.d6 Rxb3+ 39.Kf4 Rd3 40.Rxa5 Bc4 41.Ra8 b3 42.Rb8 Rd2
43.d7 b2 44.Nf6+ Kg7 45.Rxb2 Rd1 46.Nd5 Rf1+ 47.Ke5 Rf8 48.Rg2+ Kh6 49.Rc2 Ba6
50.Rc6+  1-0

[Event "Spring Cup"]
[Site "Cheliabinsk RUS"]
[Date "2008.03.10"]
[Round "4"]
[White "Matsenko,S"]
[Black "Dvoirys,S"]
[Result "1/2-1/2"]
[WhiteElo "2418"]
[BlackElo "2549"]

1.e4 c5 2.Nf3 d6 3.d4 cxd4 4.Nxd4 Nf6 5.Nc3 a6 6.g3 e5 7.Nb3 Nbd7 8.a4 b6
9.Bg2 Bb7 10.O-O Rc8 11.Re1 Rc7 12.Bg5 Be7 13.Nd2 Qa8 14.Nf1 Rxc3 15.bxc3 Nxe4
16.Bxe7 Kxe7 17.Ne3 g6 18.Nc4 Rc8 19.Qd3 Rxc4 20.Qxc4 Ng5 21.Qf1 Bxg2 22.Qxg2 Nf3+
23.Kh1 Kf8 24.Red1 Ke7 25.Rd3 e4 26.Rxf3 exf3 27.Qh3 Qc6 28.Qh4+ Ke6 29.Qh3+ Ke7
30.Qh4+ Ke6 31.Qh3+ Ke7 32.Qh4+  1/2-1/2

[Event "Spring Cup"]
[Site "Cheliabinsk RUS"]
[Date "2008.03.12"]
[Round "6"]
[White "Yatsenko,A"]
[Black "Dvoirys,S"]
[Result "1-0"]
[WhiteElo "2442"]
[BlackElo "2549"]

1.e4 c5 2.Nf3 d6 3.d4 cxd4 4.Nxd4 Nf6 5.Nc3 a6 6.g3 Bg4 7.f3 Bd7 8.Be3 Nc6
9.Qd2 e6 10.g4 Be7 11.O-O-O Rc8 12.g5 Nh5 13.Nxc6 Bxc6 14.f4 b5 15.a3 Qa5
16.Qf2 Rb8 17.Be2 Nxf4 18.Qxf4 b4 19.axb4 Rxb4 20.Bd3 O-O 21.Kd2 f5 22.gxf6 Rxf6
23.Qg4 Rxb2 24.Ra1 Qe5 25.Rhg1 Rg6 26.Qf4 Rxg1 27.Rxg1 Bf6 28.Qxe5 Bxe5 29.h3 Rb4
30.Ra1 Bxe4 31.Rxa6 Bxd3 32.Kxd3 Bxc3 33.Kxc3 Re4 34.Kd3 d5 35.Ra7 h5 36.Bd4 e5
37.Bc3 Kf8 38.Rd7 Rh4 39.Bxe5 Rxh3+ 40.Kd4 g5 41.Kxd5 g4 42.Ke6 Kg8 43.Rg7+ Kf8
44.Rh7  1-0

[Event "10th Foxwoods Open"]
[Site "Ledyard USA"]
[Date "2008.03.20"]
[Round "2"]
[White "Ivanov,AV USA"]
[Black "Esserman,M"]
[Result "1-0"]
[WhiteElo "2554"]
[BlackElo "2257"]

1.e4 c5 2.Nf3 d6 3.d4 cxd4 4.Nxd4 Nf6 5.Nc3 a6 6.g3 e6 7.Bg2 Qc7 8.O-O Be7
9.g4 g5 10.Bxg5 Rg8 11.f4 h6 12.Bxf6 Bxf6 13.Kh1 Nc6 14.e5 dxe5 15.Nxc6 bxc6
16.Ne4 Be7 17.fxe5 Qxe5 18.Qf3 Kd8 19.Rad1+ Bd7 20.Ng5 Qxg5 21.Rxd7+ Kxd7
22.Qxc6+ Kd8 23.Qxa8+ Kd7 24.Qc6+  1-0

[Event "2nd Agzamov Memorial"]
[Site "Tashkent UZB"]
[Date "2008.03.24"]
[Round "5"]
[White "Kim,Alex"]
[Black "Mustafaev,J"]
[Result "0-1"]
[WhiteElo "2442"]
[BlackElo "2286"]

1.e4 c5 2.Nf3 d6 3.d4 cxd4 4.Nxd4 Nf6 5.Nc3 a6 6.g3 e6 7.Bg2 Nc6 8.O-O Bd7
9.a4 Be7 10.Be3 Ne5 11.h3 Qc7 12.Kh1 Rc8 13.f4 Nc4 14.Bc1 h5 15.Qe2 Qb6 16.Rd1 e5
17.Nf5 Bxf5 18.exf5 Ng4 19.Rf1 Nce3 20.Bxe3 Nxe3 21.Nd5 Nxf1 22.Qxf1 Qxb2
23.c4 Qd4 24.Rc1 Bf6 25.Qe2 Rc5 26.a5 Rxa5 27.Qe1 Ra2 28.Rd1 Qf2 29.Qe4 Re2
30.Nxf6+ gxf6 31.Qxb7 O-O 32.fxe5 Re1+ 33.Rxe1 Qxe1+ 34.Kh2 Qxe5 35.h4 Qxf5
36.Qxa6 Qe5 37.Qb7 Kg7 38.Bd5 f5  0-1

[Event "9th North American Inv"]
[Site "Chicago USA"]
[Date "2008.03.25"]
[Round "6"]
[White "Pasalic,M"]
[Black "Shankar,G"]
[Result "1-0"]
[WhiteElo "2395"]
[BlackElo "2219"]

1.e4 c5 2.Nf3 d6 3.d4 cxd4 4.Nxd4 Nf6 5.Nc3 a6 6.g3 e5 7.Nb3 Nbd7 8.Bg2 Be7
9.O-O b5 10.Re1 Bb7 11.a4 b4 12.Na2 a5 13.c3 bxc3 14.Nxc3 O-O 15.Nb5 Nb6
16.Bd2 Nc4 17.Bc3 Qb6 18.Nc1 Qd8 19.b3 Nb6 20.Qd2 Nc8 21.Nd3 Nd7 22.Rab1 Ra6
23.Nb2 f5 24.exf5 Bxg2 25.Kxg2 Rxf5 26.Nc4 Qf8 27.Ne3 Rf7 28.Nc7 Ra7 29.Nb5 Ra6
30.Nd5 Bd8 31.Re2 Nc5 32.Na3 Rb7 33.Nb5 Na7 34.f4 e4 35.Nxa7 Raxa7 36.Bd4 Rd7
37.Qc2 Qf5 38.Qc4 Qf7 39.Rd1 Rab7 40.Bxc5 dxc5 41.Rxe4 h6 42.Ne3 Rxd1 43.Nxd1 Qxc4
44.Rxc4 Rxb3 45.Rxc5 Kh7 46.Rc4 Be7 47.Nc3 Rb2+ 48.Kf3 Rxh2 49.Nd5 Bd6 50.Rc6 Bb4
51.Rc7 Ra2 52.f5 Kg8 53.Kg4 Rxa4 54.Kh5 Bd6 55.Rd7 Bxg3 56.f6 gxf6 57.Nxf6+ Kf8
58.Kg6  1-0

[Event "Spring Festival"]
[Site "Budapest HUN"]
[Date "2008.03.28"]
[Round "8"]
[White "Mester,A"]
[Black "Bacso,G"]
[Result "0-1"]
[WhiteElo "2092"]
[BlackElo "2153"]

1.e4 c5 2.Nf3 d6 3.d4 cxd4 4.Nxd4 Nf6 5.Nc3 a6 6.g3 e5 7.Nb3 h6 8.Bg2 Be7
9.O-O O-O 10.a4 Be6 11.Re1 Nbd7 12.Nd5 Nxd5 13.exd5 Bf5 14.a5 Rc8 15.Re2 Bg4
16.f3 Bh5 17.Be3 Bg5 18.Bf2 f5 19.Re1 Qc7 20.c3 Rce8 21.Qd3 f4 22.g4 Bf7
23.Ra4 Rc8 24.Bf1 Qd8 25.c4 Bh4 26.Bxh4 Qxh4 27.Re2 Qg5 28.Rb4 Bg6 29.Qd2 Rc7
30.Qe1 Rfc8 31.Rg2 Re8 32.h4 Qe7 33.h5 Bh7 34.Qd2 Nc5 35.Nxc5 Rxc5 36.Rb6 Rf8
37.b4 Rcc8 38.c5 dxc5 39.d6 Qf7 40.d7 Rcd8 41.Rxb7 cxb4 42.Qxb4 Kh8 43.Bc4 Qf6
44.Rb6 Qh4 45.Bxa6 e4 46.Be2 Bg8 47.a6 Bd5 48.Qc3 Rxd7 49.Rxh6+ Kg8 50.Rg6 Rff7
51.h6 exf3 52.Bxf3 Bxf3 53.Qxf3 Qe1+ 54.Qf1 Qe3+ 55.Qf2 Qh3 56.Qe1 Rde7 57.Re6 f3
58.Rf2 Qxg4+ 59.Kf1 Rxe6  0-1

[Event "3rd Open"]
[Site "Kolkata IND"]
[Date "2008.03.29"]
[Round "6"]
[White "Barua,D"]
[Black "Ghaem Maghami,E"]
[Result "1/2-1/2"]
[WhiteElo "2491"]
[BlackElo "2589"]

1.e4 c5 2.Nf3 d6 3.d4 cxd4 4.Nxd4 Nf6 5.Nc3 a6 6.g3 e5 7.Nb3 Be7 8.Bg2 O-O
9.O-O b5 10.a4 b4 11.Nd5 Nxd5 12.Qxd5 Ra7 13.Be3 Be6 14.Qd2 Rb7 15.Rfc1 a5
16.Qd3 Qc7 17.Bf1 Rc8 18.h4 h6 19.Qd1 Qd8 20.Be2 Kh8 21.Bg4 Bxg4 22.Qxg4 Nd7
23.Qf5 Kg8 24.Rab1 g6 25.Qf3 h5 26.Qe2 Rc6 27.Qd3 Qc7 28.Qd5 Nf6 29.Qd3  1/2-1/2

[Event "FKB ch-USA Qualifier"]
[Site "Tulsa USA"]
[Date "2008.03.29"]
[Round "3"]
[White "Ivanov,AV USA"]
[Black "Pruess,D"]
[Result "1-0"]
[WhiteElo "2554"]
[BlackElo "2431"]

1.e4 c5 2.Nf3 d6 3.d4 cxd4 4.Nxd4 Nf6 5.Nc3 a6 6.g3 e5 7.Nde2 b5 8.Bg5 Nbd7
9.Nd5 Bb7 10.Nec3 Be7 11.Bxf6 Bxf6 12.a4 bxa4 13.Rxa4 O-O 14.Bc4 Nc5 15.Ra2 a5
16.O-O Bg5 17.Qe2 Kh8 18.Na4 Ne6 19.c3 Rb8 20.Rfa1 Bc6 21.b3 g6 22.Nb2 Nc5
23.Rxa5 Nxb3 24.Bxb3 Rxb3 25.Nb4 Bd7 26.Nd1 Be6 27.h4 Bh6 28.Qd3 Qc7 29.Ra6 Rc8
30.Rc6 Qb8 31.Rxc8+ Qxc8 32.Qxd6 Bf8 33.Qxe5+ Bg7 34.Qd6 Bf8 35.Qd2 Qc4 36.Qf4 Kg7
37.Nd5 Qc8 38.N1e3 Qd8 39.h5 gxh5 40.Qe5+ Kh6 41.Ra6  1-0

[Event "Sozina Open"]
[Site "Bar MNE"]
[Date "2008.03.31"]
[Round "4"]
[White "Marinkovic,Sl"]
[Black "Krstic,P"]
[Result "1-0"]
[WhiteElo "2373"]
[BlackElo "2302"]

1.e4 c5 2.Nf3 d6 3.d4 cxd4 4.Nxd4 Nf6 5.Nc3 a6 6.g3 e5 7.Nb3 Nbd7 8.a4 b6
9.Bg2 Bb7 10.O-O Be7 11.Re1 Rc8 12.Nd2 Rc5 13.Nf1 Qa8 14.Qd3 O-O 15.Ne3 g6
16.f3 Rc7 17.Nc4 Rfc8 18.Nxd6 Nc5 19.Nxc8 Nxd3 20.Nxe7+ Rxe7 21.cxd3 Rc7
22.Be3 Nd7 23.d4 exd4 24.Bxd4 f6 25.Rad1 Kf7 26.Nd5 Bxd5 27.exd5 Qxd5 28.Bxb6 Nxb6
29.Rxd5 Nxd5 30.Bf1 a5 31.b3 Nb6 32.Rb1 Ke7 33.b4 Ra7 34.bxa5 Nxa4 35.a6 Nc5
36.f4 Kd8 37.Rb6 f5 38.Rc6 Nd7 39.Bb5 Ke7 40.Bc4 Nb8 41.Rb6 Nd7 42.Re6+ Kd8
43.Bb5 Nc5 44.Re8+ Kc7 45.Re7+ Kb6 46.Rxa7 Kxa7 47.Kf2 Ne4+ 48.Ke3 Nf6 49.Be2  1-0

[Event "Spring Open"]
[Site "Belgrade SCG"]
[Date "2008.03.31"]
[Round "7"]
[White "Svetac,N"]
[Black "Andric,V"]
[Result "1-0"]
[WhiteElo "2341"]
[BlackElo "2115"]

1.e4 c5 2.Nf3 d6 3.d4 cxd4 4.Nxd4 Nf6 5.Nc3 a6 6.g3 Nc6 7.Bg2 Nxd4 8.Qxd4 e5
9.Qd3 Be7 10.a4 Be6 11.O-O Qc7 12.Rd1 O-O 13.a5 b6 14.axb6 Qxb6 15.Be3 Qc6
16.Nd5 Bxd5 17.exd5 Qb7 18.h3 Nd7 19.g4 Bd8 20.Qa3 Qb8 21.Rd3 Bb6 22.Rb3 Qc7
23.Bxb6 Nxb6 24.Rc3 Qd8 25.Rc6 Nc8 26.Rxa6 Rxa6 27.Qxa6 f5 28.gxf5 Qg5 29.Qe2 Qxf5
30.Ra8 Qf4 31.Qe3 Qb4 32.Qc3 Qb7 33.Qc6 Qf7 34.Rxc8 Qxf2+ 35.Kh1  1-0

[Event "3rd Open"]
[Site "Kolkata IND"]
[Date "2008.03.31"]
[Round "8"]
[White "Barua,D"]
[Black "Saravanan,V1"]
[Result "1-0"]
[WhiteElo "2491"]
[BlackElo "2379"]

1.e4 c5 2.Nf3 d6 3.d4 cxd4 4.Nxd4 Nf6 5.Nc3 a6 6.g3 e5 7.Nde2 Nbd7 8.Bg2 Be7
9.a4 b6 10.h3 h5 11.Nd5 Nxd5 12.Qxd5 Rb8 13.Nc3 Bb7 14.Qd1 Rc8 15.O-O h4
16.Be3 Rxc3 17.bxc3 Qa8 18.Qd3 f5 19.Rab1 fxe4 20.Qe2 d5 21.Qg4 Qc8 22.Qxg7 Bf6
23.Qg6+ Ke7 24.Bg5 Bxg5 25.Qxg5+ Kd6 26.Qg6+ Kc7 27.c4 Rg8 28.Qe6 Re8 29.Qg4 hxg3
30.fxg3 Rg8 31.Qe6 dxc4 32.Rf7 Bc6 33.Rxd7+  1-0

[Event "Gausdal Classics GMB"]
[Site "Gausdal NOR"]
[Date "2008.04.12"]
[Round "5"]
[White "Getz,N"]
[Black "Obers,F"]
[Result "0-1"]
[WhiteElo "2058"]
[BlackElo "2111"]

1.e4 c5 2.Nf3 d6 3.d4 cxd4 4.Nxd4 Nf6 5.Nc3 a6 6.g3 Nc6 7.Bg2 Bd7 8.O-O e6
9.Be3 Be7 10.f4 O-O 11.h3 h6 12.Qe2 Qc7 13.Kh1 Rac8 14.Rad1 b5 15.Nb3 Rb8
16.e5 dxe5 17.fxe5 Nh7 18.Nc5 Bc8 19.Nd3 Na5 20.Ne4 Nc4 21.Bf4 Bb7 22.Qh5 g5
23.Qxh6 gxf4 24.Nf6+ Bxf6 25.exf6 Bxg2+ 26.Kxg2 Ne3+ 27.Kg1 Nf5 28.Qxf4 Qxf4
29.Rxf4 Rfd8 30.Re1 Rbc8 31.g4 Nh4 32.Rf2 Ng5 33.Re3 Rd5 34.Kh2 Rc4 35.Kg3 Ng6
36.Rfe2 Nh7 37.b3 Rc3 38.Rf2 Ne5 39.Rxe5 Rxe5  0-1

[Event "82nd ch-ARG s/f"]
[Site "Buenos Aires ARG"]
[Date "2008.04.13"]
[Round "4"]
[White "Felgaer,R"]
[Black "Fusco,L"]
[Result "1-0"]
[WhiteElo "2574"]
[BlackElo "2365"]

1.e4 c5 2.Nf3 d6 3.d4 Nf6 4.Nc3 cxd4 5.Nxd4 a6 6.g3 e5 7.Nb3 Nbd7 8.a4 b6
9.Bg2 Bb7 10.O-O Be7 11.Nd2 Rc8 12.Qe2 Qc7 13.Rd1 Nc5 14.Nf1 Ne6 15.Ne3 Nd4
16.Qd3 O-O 17.Bd2 Rfd8 18.Ncd5 Nxd5 19.exd5 Bg5 20.Ra3 Bxe3 21.fxe3 Qxc2
22.Qxc2 Nxc2 23.Rb3 Rc5 24.Rxb6 Bc8 25.b4 Rc7 26.Rc1 Bf5 27.Rc6 Rxc6 28.dxc6 Bd3
29.b5 axb5 30.axb5  1-0

[Event "10th North American FIDE Inv"]
[Site "Chicago USA"]
[Date "2008.04.20"]
[Round "4"]
[White "Shankar,G"]
[Black "Amanov,M"]
[Result "1-0"]
[WhiteElo "2219"]
[BlackElo "2396"]

1.e4 c5 2.Nf3 d6 3.d4 cxd4 4.Nxd4 Nf6 5.Nc3 a6 6.g3 e5 7.Nb3 Be7 8.Bg2 O-O
9.O-O Be6 10.a4 Nbd7 11.Kh1 Qc7 12.f4 Rac8 13.Be3 Rfd8 14.a5 Qc6 15.Qd2 Nc5
16.Nxc5 dxc5 17.Qe2 exf4 18.gxf4 Bg4 19.Qf2 Qe6 20.f5 Qe5 21.Bf4 Qd4 22.Qg3 Bh5
23.Nd5 Rxd5 24.exd5 Qxb2 25.d6 Bd8 26.Qb3 Qxb3 27.cxb3 Bg4 28.d7 Ra8 29.Rfe1 Nxd7
30.Re8+ Nf8 31.Bxb7 Bc7 32.Rxa8 Bxf4 33.Rxa6 Bxf5 34.Ra8  1-0

[Event "ch-NED U21"]
[Site "Venlo NED"]
[Date "2008.04.27"]
[Round "3"]
[White "De Groote,E"]
[Black "Kuling,L"]
[Result "1/2-1/2"]
[WhiteElo "2256"]
[BlackElo "2192"]

1.e4 c5 2.Nf3 d6 3.d4 cxd4 4.Nxd4 Nf6 5.Nc3 a6 6.g3 e5 7.Nf3 Be7 8.Bg2 O-O
9.O-O Nbd7 10.Nh4 Re8 11.Nf5 Qc7 12.g4 h6 13.h4 Nb6 14.g5 hxg5 15.hxg5 Nh7
16.Nxe7+ Rxe7 17.Qh5 Nf8 18.f4 exf4 19.Bxf4 Qc5+ 20.Kh1 Ng6 21.Rad1 Rd7 22.Rd3 Nxf4
23.Rxf4 Qe5 24.Rf5 g6 25.Rxe5 gxh5 26.Re8+ Kg7 27.Nd5 Nxd5 28.Rxd5 b5 29.e5 Bb7
30.Rxa8 Bxa8 31.Rxd6 Bxg2+ 32.Kxg2 Rc7 33.c3 b4 34.cxb4 Rc2+ 35.Kg1 Rxb2
36.a3 a5 37.e6 fxe6  1/2-1/2

[Event "IX EICC"]
[Site "Plovdiv BUL"]
[Date "2008.04.29"]
[Round "8"]
[White "Sidorenko,I"]
[Black "Jakovljevic,Vlado"]
[Result "1-0"]
[WhiteElo "2334"]
[BlackElo "2463"]

1.e4 c5 2.Nf3 d6 3.d4 cxd4 4.Nxd4 Nf6 5.Nc3 a6 6.g3 e6 7.Bg2 Qc7 8.O-O Nc6
9.Re1 Nxd4 10.Qxd4 e5 11.Qd3 h6 12.a4 Be7 13.a5 Be6 14.Nd5 Nxd5 15.exd5 Bd7
16.c4 Rc8 17.b3 O-O 18.Be3 f5 19.Bb6 Qb8 20.f4 e4 21.Qe3 g5 22.Kh1 Bf6 23.Rac1 Kh7
24.b4 Rg8 25.Rg1 gxf4 26.gxf4 Rg6 27.Bxe4 Rxg1+ 28.Rxg1 Rxc4 29.Bd3 Rc3 30.Bd4 Rxd3
31.Qxd3 Qf8 32.Re1 Bh4 33.Rg1 Bf6 34.Bxf6 Qxf6 35.Re1 Bb5 36.Qe3 Bc4 37.Qe7+ Qxe7
38.Rxe7+ Kg8 39.Kg1 Bxd5 40.Rd7  1-0

[Event "Stuttgarter Stadtmeisterschaft A"]
[Site "Ditzingen GER"]
[Date "2008.05.03"]
[Round "6"]
[White "Lammers,M"]
[Black "Gutman,L"]
[Result "1/2-1/2"]
[WhiteElo "2371"]
[BlackElo "2484"]

1.e4 c5 2.Nf3 d6 3.d4 cxd4 4.Nxd4 Nf6 5.Nc3 a6 6.g3 e5 7.Nde2 Be6 8.Bg2 Nbd7
9.O-O Rc8 10.h3 b5 11.a4 b4 12.Nd5 Nxd5 13.exd5 Bf5 14.c3 bxc3 15.Nxc3 Be7
16.Be3 O-O 17.a5 Qc7 18.Qe2 Qb7 19.Rfc1 Nc5 20.Bxc5 Rxc5 21.Ne4 Rb5 22.Rc6 Rxb2
23.Qd3 Bd7 24.Rac1 Bxc6 25.dxc6 Qa7 26.Bf1 f5 27.Qxa6 Qd4 28.Qc4+ d5 29.Qxd4 exd4
30.Nc5 Bxc5 31.Rxc5 Rc8 32.a6 Kf7 33.Rxd5 Ra2 34.Rd7+ Kf6 35.Bb5 Ra5 36.Rb7 d3
37.Bxd3 Rxc6 38.Kg2 Rc3 39.Bb5 g5 40.Rb6+ Ke5 41.Bd7 Rc7 42.Bc6 h5 43.Bb7 g4
44.Rb2 Rc3 45.hxg4 hxg4 46.Re2+ Kf6 47.Rb2 Kg5 48.Rd2 Raa3 49.Rb2 Rc7 50.Kf1 Re7
51.Kg2 Ra1 52.f3 Ree1 53.fxg4 fxg4 54.Kf2 Re5 55.Kg2 Rc5 56.Kf2 Ra3 57.Rd2 Kf6
58.Rb2 Ke5 59.Re2+ Kd6 60.Rd2+ Kc7 61.Kg2 Kb8 62.Kh2 Ka7 63.Rb2 Rh5+ 64.Kg2 Rh3
65.Bc8 Rhxg3+ 66.Kh2 Rh3+ 67.Kg2 Rhd3 68.Kh2 Rd6 69.Kg2 Rh6 70.Rd2 g3 71.Rd1 Rh2+
72.Kg1 Rb2 73.Rc1 g2 74.Kh2 Ra5 75.Rg1 Rh5+ 76.Kg3 Rg5+ 77.Kf4 Rg7 78.Kf3 Rf7+
79.Ke3 Rb3+ 80.Ke2 Rb2+ 81.Ke3 Rg7 82.Kf3  1/2-1/2

[Event "Panamericano w"]
[Site "San Salvador ESA"]
[Date "2008.05.09"]
[Round "6"]
[White "Zepeda,S"]
[Black "Mateus,Mar"]
[Result "1-0"]
[WhiteElo "2048"]
[BlackElo "2189"]

1.e4 c5 2.Nf3 d6 3.d4 cxd4 4.Nxd4 Nf6 5.Nc3 a6 6.g3 e5 7.Nb3 Be6 8.Bg2 h6
9.O-O Nbd7 10.Re1 Be7 11.Bd2 Nb6 12.h3 Nc4 13.Bc1 O-O 14.Nd2 Rc8 15.Nxc4 Rxc4
16.Be3 b5 17.Kh2 Qc7 18.Bf1 Rxc3 19.bxc3 Nxe4 20.c4 bxc4 21.Bg2 f5 22.f4 Bf6
23.Rc1 d5 24.c3 exf4 25.Bxf4 Qd7 26.Bxe4 fxe4 27.Qh5 g5 28.Be3 Qg7 29.Rf1 Bf7
30.Qd1 Bxc3 31.Rxf7 Rxf7 32.Qxd5 Qe5 33.Qxc4 Ba5 34.Rf1 Qc7 35.Qe6 Qe7 36.Qg6+ Rg7
37.Qxa6 Bc7 38.Qc8+ Kh7 39.Rf8 Qe5 40.Rh8+ Kg6 41.Qe8+ Qxe8 42.Rxe8 Kf5 43.Kg2 Be5
44.g4+ Kf6 45.Ra8 Rb7 46.Ra6+ Kg7 47.Ra7 Rxa7 48.Bxa7 Kf7 49.Kf2 Ke6 50.Bc5 Kd5
51.Bf8 Bf4 52.Bxh6 Kc4 53.Ke2 Kd4 54.Bg7+ Kc4 55.Bf6 Kb4 56.Bd4 Bd6 57.Ke3 Ka3
58.Kxe4  1-0

[Event "Mayors Cup Open"]
[Site "Mumbai IND"]
[Date "2008.05.14"]
[Round "5"]
[White "Soumya,Sw"]
[Black "Negi,V"]
[Result "1-0"]
[WhiteElo "2303"]
[BlackElo "2140"]

1.e4 c5 2.Nf3 d6 3.d4 cxd4 4.Nxd4 Nf6 5.Nc3 a6 6.g3 e6 7.Bg2 Be7 8.O-O Qc7
9.Kh1 Nc6 10.f4 Bd7 11.Nb3 Rc8 12.a4 O-O 13.g4 Nb4 14.g5 Ne8 15.Be3 g6 16.Rf2 Ng7
17.a5 Bc6 18.Bb6 Qb8 19.Qd4 d5 20.Bc5 Bxc5 21.Qxc5 Nxc2 22.Rxc2 Qxf4 23.Qf2 Qxg5
24.exd5 exd5 25.Rd2 Nf5 26.Bxd5 Bxd5+ 27.Rxd5 Rc4 28.Nd4 Rxc3 29.bxc3 Ng3+
30.hxg3 Qxd5+ 31.Qf3 Qc4 32.Rb1 Qc7 33.Rb6 Qe5 34.Rxb7 Qxa5 35.Nc6 Qa1+ 36.Kg2 Qa2+
37.Kg1 Qe6 38.Re7 Qd6 39.Re1 h5 40.Kg2 Qd2+ 41.Re2 Qd6 42.c4 Kg7 43.Qd5 Qf6
44.Rf2 Qc3 45.Nd8 Rxd8 46.Rxf7+  1-0

[Event "Frank K Berry ch-USA"]
[Site "Tulsa USA"]
[Date "2008.05.19"]
[Round "7"]
[White "Ivanov,AV USA"]
[Black "Fedorowicz,J"]
[Result "0-1"]
[WhiteElo "2560"]
[BlackElo "2459"]

1.e4 c5 2.Nf3 d6 3.d4 cxd4 4.Nxd4 Nf6 5.Nc3 a6 6.g3 e6 7.Bg2 Be7 8.O-O O-O
9.Be3 Qc7 10.g4 Re8 11.g5 Nfd7 12.f4 Bf8 13.Kh1 Nc6 14.Qd2 Nxd4 15.Bxd4 b5
16.f5 Ne5 17.f6 Bb7 18.Nd1 g6 19.Ne3 Rad8 20.b3 Nc6 21.Bb2 a5 22.Rad1 Nb4
23.a3 Na6 24.Qf2 Nc5 25.Qh4 h5 26.gxh6 Kh7 27.Rfe1 Bc6 28.b4 axb4 29.axb4 Na4
30.Bd4 Qb7 31.Ng4 Qc7 32.Ba1 d5 33.exd5 Bxd5 34.Bxd5 Rxd5 35.Rxd5 Qb7 36.Re5 Nb6
37.Kg1 Nxd5 38.Nf2 Rc8 39.Re2 Rc4 40.Bd4 Nc3 41.Re3 Nd5 42.Re4 Rxc2 43.Nh3 Rc1+
44.Kf2 Rc2+ 45.Kg1 Rc1+ 46.Kf2 Nc3 47.Ng5+ Kh8 48.Bxc3 Rxc3 49.Qf4 Qa7+ 50.Kf1 Rc2
51.h4 Qd7 52.Rd4 Qa7 53.Re4 Bxb4 54.Nxf7+ Qxf7 55.Rxb4 Rc5 56.Kg1 Rf5 57.Qb8+ Kh7
58.Rxb5 Qxf6 59.Qc7+ Kxh6 60.Qc1+ Rf4 61.Rb2 e5 62.Rc2 Qf5 63.Rg2 Qd3 64.Qe1 Qd4+  0-1

[Event "17th Open"]
[Site "Chicago USA"]
[Date "2008.05.23"]
[Round "1"]
[White "Pasalic,M"]
[Black "Kolev,At1"]
[Result "0-1"]
[WhiteElo "2392"]
[BlackElo "2568"]

1.e4 c5 2.Nf3 d6 3.d4 cxd4 4.Nxd4 Nf6 5.Nc3 a6 6.g3 e5 7.Nb3 Be7 8.Bg2 O-O
9.O-O Nbd7 10.Re1 b5 11.a4 b4 12.Nd5 Nxd5 13.Qxd5 Rb8 14.h3 Qc7 15.Be3 Nb6
16.Bxb6 Rxb6 17.Qd2 Be6 18.a5 Rc6 19.Qxb4 Rb8 20.Qa4 Rc4 21.Qa3 Rxc2 22.Re3 d5
23.Qa4 d4 24.Rf3 Re2  0-1

[Event "XXVII Open"]
[Site "Zalakarosi HUN"]
[Date "2008.05.23"]
[Round "2"]
[White "Madl,I"]
[Black "Bluvshtein,M"]
[Result "1/2-1/2"]
[WhiteElo "2379"]
[BlackElo "2544"]

1.e4 c5 2.Nf3 d6 3.d4 cxd4 4.Nxd4 Nf6 5.Nc3 a6 6.g3 e6 7.Bg2 Be7 8.O-O O-O
9.Kh1 Qc7 10.f4 Nc6 11.Nb3 b5 12.a3 Bb7 13.Be3 Nd7 14.Qe2 Nb6 15.Rad1 Nc4
16.Bc1 Bf6 17.Rf3 N6a5 18.Rfd3 Rad8 19.g4 g6 20.Qe1 Nxb3 21.cxb3 Na5 22.Ne2 Bh8
23.Bd2 Nc6 24.Bc3 Bxc3  1/2-1/2

[Event "TCh-UKR"]
[Site "Alushta UKR"]
[Date "2008.05.24"]
[Round "4"]
[White "Kovchan,A"]
[Black "Kolesov,E"]
[Result "1-0"]
[WhiteElo "2513"]
[BlackElo "2002"]

1.e4 c5 2.Nf3 d6 3.d4 cxd4 4.Nxd4 Nf6 5.Nc3 a6 6.g3 g6 7.Bg2 Bg7 8.O-O O-O
9.h3 Nc6 10.Nde2 Bd7 11.a4 Rb8 12.Nd5 Nxd5 13.exd5 Na5 14.Ra2 b5 15.axb5 Bxb5
16.b3 Ra8 17.Re1 Nb7 18.Nd4 Qc7 19.c4 Be8 20.Bg5 Qc5 21.Nf3 f6 22.Bc1 Qc7
23.Nd4 Nd8 24.Rae2 Rf7 25.Ne6 Qb7 26.c5 Bb5 27.c6 Qc8 28.Re3 Nxe6 29.Rxe6 Qc7
30.h4 a5 31.h5 a4 32.hxg6 hxg6 33.bxa4 Rxa4 34.Qb3 Ra5 35.Bd2 Bf8 36.Bxa5 Qxa5
37.Qc2 Qc7 38.Qxg6+ Rg7 39.Qe8 Ba6 40.Qd7 Qc8 41.Bh3 Qa8 42.R6e4 Rg5 43.c7 Qa7
44.R1e3  1-0